Library of the University of Algiers 3
Ibrahim Sultan Cheibout
شعار جامعة الجزائر 3
مكتبة جامعة الجزائر 3
إبراهيم سلطان شيبوط

دروس وتمارين محلولة في التحليل الرياضي / (رقم التسجيلة. 46292)

تفاصيل مارك
000 -LEADER
fixed length control field 01291nam a2200229Ia 4500
003 - CONTROL NUMBER IDENTIFIER
control field Ost
005 - DATE AND TIME OF LATEST TRANSACTION
control field 20260507075802.0
008 - FIXED-LENGTH DATA ELEMENTS--GENERAL INFORMATION
fixed length control field 260507s9999||||xx |||||||||||||| ||und||
020 ## - INTERNATIONAL STANDARD BOOK NUMBER
International Standard Book Number 9789947045121
040 ## - CATALOGING SOURCE
Transcribing agency fsecg
041 ## - LANGUAGE CODE
Language code of text/sound track or separate title ara
082 ## - DEWEY DECIMAL CLASSIFICATION NUMBER
Classification number 515
100 ## - MAIN ENTRY--PERSONAL NAME
Personal name روابحية، فوزي
Relator term مؤلف
245 #0 - TITLE STATEMENT
Title دروس وتمارين محلولة في التحليل الرياضي /
Statement of responsibility, etc. فوزي روابحية
260 ## - PUBLICATION, DISTRIBUTION, ETC.
Place of publication, distribution, etc. [دون مكان]:
Name of publisher, distributor, etc. ,
300 ## - PHYSICAL DESCRIPTION
Extent 669 صفحة؛
Other physical details إيضاحات ؛
Dimensions 23 سم
504 ## - BIBLIOGRAPHY, ETC. NOTE
Bibliography, etc. note بيبليوغرافيا: ص ص.667-669
520 ## - SUMMARY, ETC.
Summary, etc. يضم المنطق الرياضي، المجموعات، المتتاليلا العددية، الدوال والتطبيقات، الدوال الحقيقة بمتغير حقيقي، الدوال المثلثية الأساسية ودوالها العكسية، الدوال اللوغاريتمية، الدالة الأسية، دالة القوة، الدوال الزائدية ودوالها العكسية، دساتير تايلور والنشر المحدود، تكامل ريمان، المعادلات التفاضلية، الدوال الحقيقية لعدة متغيرات حقيقية.
653 ## - INDEX TERM--UNCONTROLLED
Uncontrolled term التحليل الرياضي
653 ## - INDEX TERM--UNCONTROLLED
Uncontrolled term الجبر
942 ## - ADDED ENTRY ELEMENTS (KOHA)
Koha item type كتب
المقتنيات
Withdrawn status Lost status Source of classification or shelving scheme Damaged status Not for loan Home library Current library Date acquired Serial enumeration / chronology Inventory number Total checkouts Full call number Barcode Date last seen Price effective from Koha item type
    Library of Congress Classification   NOT LOAN / إعارة داخلية مكتبة كلية العلوم الإقتصادية والعلوم التجارية وعلوم التسيير مكتبة كلية العلوم الإقتصادية والعلوم التجارية وعلوم التسيير 07/05/2026 الطابق الأرضي 025.21/550   495/025.21ن01 025.21/550 07/05/2026 07/05/2026 كتب

موارد الويب المفتوحة


© University of Algiers 3 All Rights Reserved
|
Implemented by LECHELAH Riad